000 00860nam a2200301 a 4500
003 AR-BaBNM
005 20251128204433.0
008 082120s2002 ||||||||||||||000 | spa||
020 _a950-13-9073-X
040 _cAR-BaBNM
100 1 _aGranström, K.E.
245 0 0 _aArtesanías con metales
260 _aBuenos Aires
_bKapelusz
_c1975
300 _a126 p.
_bil., láms.
490 0 _aCómo hacer
500 _aContiene interesantes acápites acerca de la elección y fabricación de las herramientas pertinentes
650 4 _aARTESANIAS
650 4 _aMETALES
650 4 _aEDUCACION ARTISTICA
650 4 _aTECNOLOGIA
650 4 _aCREACION ARTISTICA
650 4 _aTRABAJO EN METAL
653 _aEDUCACION PRIMARIA
653 _aTRABAJO MANUAL
700 1 _aRasmussen de Bengtsson, Lilian
_etraductor
942 _cBK
998 _cEnrique
999 _c7417
_d7417